000 00581nam a2200193Ia 4500
001 61260
008 170109n2010 ii |||gr||||Z||||||465
020 _a978-81-8457-185-1
082 _a370.2609
100 _aParimala, D.,
_eEditor.
245 0 _aEquity and education in India :
_bPolicy, issues and challenges /
_cEdited by Dr D. Parimala .
_hTextual Documents
250 _a1st ed.
260 _aNew Delhi
_bKanishka Publishers
_c2010
300 _axx, 290p:
_c21cm.
653 _aEducation
653 _aEquity, Education in India
653 _aG-Education
942 _2ddc
_cBK
999 _c62369
_d62369